[Event "Romanian Team Rapid Open 2022"]
[Site "Sebes"]
[Date "2022.12.03"]
[Round "3.6"]
[White "Ileana, George"]
[Black "Ghimpu, Samuel-Timotei"]
[Result "1/2-1/2"]
[WhiteElo "2343"]
[BlackElo "2455"]
[Annotator "TA"]
[PlyCount "118"]
[EventDate "2022.12.03"]
[EventType "rapid"]
[EventCountry "ROU"]
[SourceTitle "playchess.com"]
[Source "ChessBase"]
[SourceQuality "1"]

{[%evp 9,118,-8,-8,-14,-11,-37,-25,-54,-8,-16,-11,-28,-43,-35,0,-52,-37,-98,-71,-139,-138,-186,-204,-216,-198,-294,-279,-287,-284,-274,-274,-275,-285,-283,-173,-180,-188,-168,-171,-504,-417,-358,-216,-471,-460,-460,-459,-436,-211,-209,-210,-190,-133,-137,-58,-61,-60,-77,-72,-87,-92,-92,-79,-79,-79,-124,-106,-214,-216,-237,-221,-209,-16,-16,-8,-8,-4,-39,0,-14,0,-47,-31,-27,0,0,0,-28,0,0,0,-29,-12,-25,0,-25,0,0,0,-21,-16,-77,0,0,0,-85,-77,-77,-76,-77,-95]} 1. d4 Nf6 2. Nf3 d5 3. g3 c5 4. c3 Bf5 5. Bg2 e6 6. O-O {[%cal Oc3c4] D02: 1 d4 d5 2 Nf3 sidelines, including 2...Nf6 3 g3 and 2...Nf6 3 Bf4.} Nc6 {Inhibits c4.} 7. Nh4 Be4 8. f3 {Black has an edge.} Bg6 (8... Bxb1 $15 9. Rxb1 Qb6) 9. Nxg6 $11 hxg6 {[%cal Bh7g6,Bg6g5][%mdl 32]} 10. b3 {[#]} Qb6 $146 {[%cal Rc5d4]} ({Predecessor:} 10... Bd6 11. Bb2 cxd4 12. cxd4 g5 13. e4 Qb6 14. Rf2 e5 15. Nc3 Nxd4 16. Nxd5 Nxd5 17. Bxd4 exd4 18. exd5 {0-1 (35) Rozen,E (2380)-Hakobyan,A (2602) Chess.com INT 2022}) 11. e3 g5 12. Bb2 (12. a3 $11) 12... O-O-O $15 13. Na3 (13. Rf2 $15) 13... Bd6 14. Nc2 (14. Rf2 $142) 14... Rh6 15. f4 (15. Rf2 $17) 15... gxf4 $1 $19 16. exf4 Rdh8 17. h4 (17. Ne1 $142) 17... Rg6 18. Qe1 cxd4 19. cxd4 Kb8 20. Rd1 Ne7 21. Ne3 Nf5 22. Nxf5 exf5 23. Rf3 Ne4 24. Bh3 $2 (24. Bc3 {is a better chance.}) 24... Rxh4 25. Bxf5 Rxf4 26. Bxe4 (26. Bxg6 Rxf3 27. Bxe4 dxe4 28. Qxe4 Rxg3+ 29. Kf2) 26... dxe4 27. Rxf4 Bxf4 28. Qxe4 Rxg3+ (28... Qf6 $142 29. Rd3 (29. Qe8+ $2 Kc7 $19) 29... Rxg3+ 30. Rxg3 Bxg3) 29. Kf2 Qf6 30. Bc1 Bd6+ ({Inferior is} 30... Bxc1+ 31. Kxg3 Ba3 32. Kg4 $11) ({Black should play} 30... Bc7+ $19 31. Ke1 Ka8) 31. Ke2 $17 Qe6 (31... Rh3 $17 {White must now prevent ...Rh4.} 32. Be3 Qd8) 32. Qxe6 $15 fxe6 {[%mdl 4096] Endgame KRB-KRB} 33. Bd2 Kc7 34. Rf1 Kc6 35. Rf7 a6 36. Be3 g5 37. Bf2 Rc3 {And now ...Bf4 would win.} 38. Rf6 (38. Be3 $17 Rc2+ 39. Kd3 Rxa2 40. Bxg5) 38... Kd5 $19 39. Be3 Rc2+ 40. Kd3 Rg2 ({Black should try} 40... Rxa2 $19 {Strongly threatening ...b5.} 41. Rf7 b5 42. Bxg5 Rb2) 41. Rg6 $11 g4 42. Rg5+ Kc6 {[%cal Og4g3]} 43. Rg6 Kd5 44. Rg5+ Kc6 {[%cal Og4g3]} 45. Rg6 g3 46. a4 Kd5 47. Rg5+ Kc6 48. Rg6 Kd5 49. Rg5+ Kc6 50. Rg6 Kd7 (50... Rb2 $5 {[%cal Rb2b3]} 51. Ke4 Rxb3 52. Rxe6 Kd7 $15) 51. Rg7+ Kc6 52. Rg6 Kd5 (52... Rb2 $5 {[%cal Rb2b3]} 53. Ke4 Rxb3 54. Rxe6 Kd7 $15) 53. Rg5+ Kc6 54. Rg6 Rb2 55. Kc3 (55. Ke4 $1 $11 {keeps the balance.}) 55... Re2 (55... Rb1 $1 $17 56. Rxe6 Kd5) 56. Kd3 Rb2 (56... Re1 $11) 57. Kc3 $17 Rb1 {Black is better.} 58. Rxe6 {[#] aiming for Bf4.} Kd5 $1 59. Rg6 {[#]} Ke4 $1 {Weighted Error Value: White=0.31/Black=0.32} 1/2-1/2

[Event "Romanian Team Rapid Open 2022"]
[Site "Sebes"]
[Date "2022.12.03"]
[Round "3.7"]
[White "Anton, Teodor"]
[Black "Sfarlog, Tudor-Vlad"]
[Result "1-0"]
[WhiteElo "2438"]
[BlackElo "2283"]
[Annotator "TA"]
[PlyCount "67"]
[EventDate "2022.12.03"]
[EventType "rapid"]
[EventCountry "ROU"]
[SourceTitle "playchess.com"]
[Source "ChessBase"]
[SourceQuality "1"]

{[%evp 9,67,27,25,41,76,79,73,79,79,79,81,80,78,82,87,83,87,87,99,54,54,61,54,47,60,50,76,73,77,77,75,76,84,77,103,98,125,122,185,147,200,197,213,149,183,149,272,257,314,148,328,236,350,335,370,368,393,407,1166,1122]} 1. Nf3 g6 2. d4 Bg7 3. e4 d6 4. Bc4 Nf6 5. Qe2 Nc6 6. O-O {B06: Modern Defence.} e5 {[#]} 7. dxe5 Nxe5 8. Nxe5 {White is better.} dxe5 9. Rd1 {Prevents Qd4.} Qe7 10. b3 {White is more active.} O-O 11. Ba3 c5 12. Nc3 Bg4 13. f3 Be6 {[#]} 14. Nd5 $146 ({Predecessor:} 14. Bxe6 fxe6 15. Rd3 Nh5 16. g3 b6 17. Rad1 Rad8 18. Bc1 Bf6 19. a4 Bg5 20. Bxg5 Qxg5 {1-0 (42) Alvarado Sepulveda,N (2209)-Del Rosario Moreno,C Santo Domingo 2010}) 14... Bxd5 15. Bxd5 Rac8 16. Bb2 Rfd8 17. c4 Nh5 18. g3 Bf6 19. Rf1 Bg7 20. Rae1 Kh8 21. Bc3 Rf8 22. Qb2 b6 23. b4 {[%cal Bb3b4,Bb4b5][%mdl 32]} f6 (23... Nf6 $16 24. Bxe5 cxb4) 24. a4 {[%cal Ba2a4,Ba4a5][%mdl 32]} Qc7 (24... Bh6 $16 25. b5 Qd7) 25. b5 $18 Qe7 26. a5 Bh6 27. Kh1 Qd6 (27... Rce8 $16 28. Qg2 Bg5) 28. Qg2 Rc7 29. Re2 (29. f4 $18 {has better winning chances.}) 29... Rcc8 $2 {[#] This costs Black the game.} (29... Re7 $16 30. Qh3 Bg5) 30. Ra1 Bg7 (30... Ng7 {is a better defense.} 31. axb6 axb6) 31. Qh3 f5 32. exf5 Rxf5 33. Be4 {This pair of bishops is nice.} Rf7 (33... Rff8 $142 34. Rd2 Qf6) 34. Qxc8+ {Weighted Error Value: White=0.18 (very precise) /Black=0.34} 1-0

[Event "Romanian Team Rapid Open 2022"]
[Site "Sebes"]
[Date "2022.12.03"]
[Round "3.8"]
[White "Ceteras, Marius-Nicolae"]
[Black "Talu, Mircea"]
[Result "*"]
[WhiteElo "2391"]
[BlackElo "2327"]
[Annotator "TA"]
[PlyCount "50"]
[EventDate "2022.12.03"]
[EventType "rapid"]
[EventCountry "ROU"]
[SourceTitle "playchess.com"]
[Source "ChessBase"]
[SourceQuality "1"]

{[%evp 9,35,0,0,0,18,16,22,14,18,14,13,14,54,43,44,0,0,0,0,-28,-22,-23,-23,-64,-59,-68,-55,-84]} 1. d4 Nf6 2. Bf4 d5 3. e3 c5 4. Nc3 cxd4 5. exd4 a6 6. Nf3 {B13: Caro-Kann: Exchange Variation and Panov-Botvinnik Attack.} Bg4 7. h3 Bxf3 8. Qxf3 {The position is equal.} ({Much weaker is} 8. gxf3 Nc6 $15) 8... Nc6 9. O-O-O e6 10. g4 {[%cal Bg2g4,Bg4g5][%mdl 32]} Bb4 11. g5 $1 Nd7 {[%cal Bf6d7,Bd7b6,Bb6a4][%mdl 32]} 12. h4 Qa5 $1 13. Kb1 (13. Rh3 {is interesting.} Bxc3 14. Qxc3 Qxa2 15. Qb3) 13... Bxc3 14. Qxc3 Qxc3 15. bxc3 Nb6 {Prevents c4.} 16. Kb2 Na4+ {Pair of Knights!} 17. Kb3 b5 18. h5 {[#]   Weighted Error Value: White=0.09 (flawless) /Black=0.05 (flawless)} {Predecessor:} Ke7 $146 19. g6 hxg6 20. Be2 gxh5 21. Bxh5 Na5+ 22. Kb4 Nc4 23. Be2 a5+ 24. Kb3 Rac8 25. Rxh8 Rxh8 {0-1 (46) Tampea,R (2110)-Talu,M (2327) Sebes 2022} *

[Event "Romanian Team Rapid Open 2022"]
[Site "Sebes"]
[Date "2022.12.03"]
[Round "3.8"]
[White "Tampea, Radu"]
[Black "Talu, Mircea"]
[Result "0-1"]
[WhiteElo "2110"]
[BlackElo "2327"]
[Annotator "TA"]
[PlyCount "92"]
[EventDate "2022.12.03"]
[EventType "rapid"]
[EventCountry "ROU"]
[SourceTitle "playchess.com"]
[Source "ChessBase"]
[SourceQuality "1"]

{[%evp 9,92,0,-11,-11,17,10,17,7,11,16,13,12,37,41,63,0,0,0,0,-27,-32,-37,-14,-70,-82,-82,-60,-75,-43,-231,-233,-218,-220,-233,-233,-233,-229,-233,-226,-227,-196,-362,-362,-351,-325,-488,-516,-672,-664,-652,-606,-692,-487,-528,-509,-565,-544,-564,-548,-500,-562,-528,-527,-865,-851,-830,-817,-942,-920,-1091,-809,-1709,-1564,-29975,-29977,-29976,-29976,-29976,-29977,-29981,-29982,-29982,-29969,-29983,-29982]} 1. d4 Nf6 2. Bf4 d5 3. e3 c5 4. Nc3 cxd4 5. exd4 a6 6. Nf3 {B13: Caro-Kann: Exchange Variation and Panov-Botvinnik Attack.} Bg4 7. h3 Bxf3 8. Qxf3 {The position is equal.} ({Much worse is} 8. gxf3 Nc6 $15) 8... Nc6 9. O-O-O e6 10. g4 Bb4 11. g5 Nd7 {[%cal Bf6d7,Bd7b6,Bb6a4][%mdl 32]} 12. h4 (12. a3 $14 Ba5 13. h4) 12... Qa5 $11 13. Kb1 Bxc3 14. Qxc3 Qxc3 15. bxc3 {[#]} Nb6 $146 {Against c4} ({Predecessor:} 15... b5 16. h5 Rc8 17. Bd6 Nb6 18. Re1 Kd7 19. Ba3 Na4 20. Rh3 Rb8 21. Rf3 Nxc3+ 22. Rxc3 {0-1 (82) Liyanage,R (2345)-Tsyhanchuk,S (2273) Chess.com INT 2022}) 16. Kb2 (16. Rh3 $11) 16... Na4+ $15 17. Kb3 b5 18. h5 Ke7 19. g6 $2 {This costs White the game.} (19. Rd3 $15) 19... hxg6 $19 ({Worse is} 19... fxg6 20. hxg6 hxg6 21. Rxh8 Rxh8 22. Be2 $15) 20. Be2 {[#]} gxh5 21. Bxh5 Na5+ 22. Kb4 Nc4 23. Be2 a5+ ({And not} 23... Rhc8 24. Rde1) 24. Kb3 Rac8 25. Rxh8 $2 (25. Rdg1) 25... Rxh8 26. Rg1 Rh3 {[%csl Ga4][%cal Rh3c3] [#]} 27. f3 (27. Be3 {was called for.}) 27... g6 {[%cal Bg7g6,Bg6g5][%mdl 32]} 28. Bg5+ f6 29. Bc1 g5 30. Rf1 Kd6 {[%cal Og5g4] And now ...g4! would win.} 31. Bd3 e5 32. dxe5+ fxe5 {[%cal Ra4c5]} 33. a3 Nc5+ {Pair of Knights!} 34. Ka2 Nxd3 35. cxd3 {[%mdl 4096] Endgame KRB-KRN} Rh2+ 36. Kb3 Nd2+ 37. Bxd2 Rxd2 {KR-KR} 38. Rg1 Rxd3 39. Rxg5 Rxf3 40. Rg6+ Kc5 {( -> ...d4)} 41. Rg8 d4 {Black mates.} 42. Rc8+ Kd5 43. Rd8+ Ke4 44. Ra8 Rxc3+ 45. Kb2 a4 46. Rb8 Rb3+ {Weighted Error Value: White=0.71/Black=0.17 (very precise)} 0-1

[Event "Romanian Team Rapid Open 2022"]
[Site "Sebes"]
[Date "2022.12.03"]
[Round "3.9"]
[White "Patrascu, Catalin-Lucian"]
[Black "Ardelean, George-Catalin"]
[Result "0-1"]
[WhiteElo "2279"]
[BlackElo "2473"]
[Annotator "TA"]
[PlyCount "58"]
[EventDate "2022.12.03"]
[EventType "rapid"]
[EventCountry "ROU"]
[SourceTitle "playchess.com"]
[Source "ChessBase"]
[SourceQuality "1"]

{[%evp 21,58,0,4,0,0,-22,-35,-31,-36,-35,-35,-51,-9,-14,-15,-45,-18,-6,0,0,0,0,492,-36,0,-207,-55,-58,-63,-46,-27,-306,-306,-599,-590,-585,-578,-29981,-29971]} 1. e4 c5 2. Nf3 Nc6 3. d4 cxd4 4. Nxd4 Nf6 5. Nc3 d6 6. Bg5 e6 7. Qd2 a6 8. O-O-O Bd7 9. f4 b5 10. Nxc6 Bxc6 11. Qe1 Be7 12. e5 {B67: Sicilian: Richter-Rauzer: 7...a6 8 0-0-0 Bd7, lines without 9 f4 Be7.} (12. Bxf6 {simplifies} Bxf6 13. Nd5 Bxd5 14. exd5 e5 15. g4) 12... Nd5 13. Bxe7 Qxe7 14. Qg3 {Black is slightly better.} O-O 15. Ne4 dxe5 16. fxe5 Kh8 (16... Nb4 {seems wilder.} 17. Nd6 Bd5 18. a3 Nc6) 17. Kb1 {[#]} a5 $146 ({Predecessor:} 17... Nb4 18. Nd6 Bd5 19. a3 Nc6 20. Bd3 Rad8 21. Ne4 b4 22. a4 b3 23. Nc3 Nb4 24. Nxd5 bxc2+ 25. Bxc2 Rxd5 26. Bb3 {½-½ (26) Ratkovich,I (2413)-Smirnov,V (2411) Minsk 2002}) 18. Bd3 Nb4 19. Nd6 Bd5 (19... Nxd3 {simplifies} 20. cxd3 b4 21. Rc1 Bd5) 20. a3 Nxd3 21. Rxd3 b4 $2 {[%mdl 8192] [#]} (21... f5 $11) 22. Rf1 $2 (22. Rxd5 $1 $18 {[%mdl 512]} f6 (22... bxa3 23. Rb5) 23. Rb5 fxe5 24. Rb7) 22... f5 (22... f6 $5 {[%cal Rf6e5]} 23. Re1 fxe5 24. Qxe5 Qc7 $15) 23. Nxf5 $2 {[#]} Qb7 $2 (23... Qc7 $1 $19 24. Ne3 Rxf1+ 25. Nxf1 Be4) 24. Ne3 $15 Rxf1+ 25. Nxf1 b3 {[%cal Bb4b3,Bb3c2][%mdl 32] Threatens to win with ...bxc2+.} (25... Be4 $5 {[%cal Re4d3]} 26. Rd4 b3 $17) 26. Ne3 {[%mdl 8192] White does not recover from this.} ({Much weaker is} 26. cxb3 Be4 27. Ka2 Bxd3 28. Qxd3 Qxg2 $17) (26. Nd2 $11) 26... bxc2+ $19 27. Kc1 $2 (27. Nxc2 Rb8 28. b4) 27... Rb8 28. b4 axb4 {[%cal Ba5b4,Bb4a3][%mdl 32]} 29. Nxd5 bxa3 {Weighted Error Value: White=1.24/Black=0.63} 0-1

[Event "Romanian Team Rapid Open 2022"]
[Site "Sebes"]
[Date "2022.12.03"]
[Round "3.10"]
[White "Murariu, Andrei"]
[Black "Creanga, Robert-Ionut"]
[Result "1-0"]
[WhiteElo "2493"]
[BlackElo "2190"]
[Annotator "TA"]
[PlyCount "47"]
[EventDate "2022.12.03"]
[EventType "rapid"]
[EventCountry "ROU"]
[SourceTitle "playchess.com"]
[Source "ChessBase"]
[SourceQuality "1"]

{[%evp 11,47,40,54,11,2,19,71,60,72,72,70,79,79,68,77,58,59,20,109,20,38,32,71,82,86,25,53,59,117,118,129,125,374,357,626,623,891,824]} 1. e4 c6 2. c4 d5 3. exd5 cxd5 4. cxd5 Nf6 5. Nc3 g6 6. Bc4 Bg7 7. d3 {B10: Caro-Kann: 2 d3 and 2 c4.} O-O 8. Nf3 a6 (8... b6 $11) 9. a4 $1 $16 {White is better.} b6 10. Be3 Bb7 11. Qb3 $1 Nbd7 {[%cal Ob6b5]} 12. O-O {White is more active.} Rc8 {[#]} 13. Ne4 $146 ({Predecessor:} 13. Rfe1 Nc5 14. Bxc5 Rxc5 15. d4 Ra5 16. Ne5 Qd6 17. h3 Nxd5 18. Nxd5 Bxd5 19. Qc3 Bxc4 20. Nxc4 Bxd4 {1-0 (45) Strikovic,A (2466)-Cruz Lledo,P (2470) Alfafar 2020}) 13... Ng4 14. Rac1 h6 {Against Bg5} (14... Nxe3 $11 15. fxe3 Bh6) 15. h3 (15. Bd2 $16) 15... Nxe3 $11 16. fxe3 Ne5 17. Nxe5 Bxe5 18. d6 (18. Nd2 $16) 18... Kg7 19. Bd5 (19. Rxf7+ $2 {too greedy.} Rxf7 20. Ra1 Rxc4 $1 {[%mdl 512]} 21. Qxc4 exd6 $19) 19... Rxc1 (19... f5 $1 $14) 20. Rxc1 $16 Bxd5 21. Qxd5 Bxb2 {[#]} (21... Bxd6 $16 22. Qd4+ Kg8) 22. Rc2 $1 $18 Ba3 (22... e6 23. Qb7 Bf6) 23. d7 Bc5 24. d4 {Weighted Error Value: White=0.22 (precise) /Black=0.65} 1-0

[Event "Romanian Team Rapid Open 2022"]
[Site "Sebes"]
[Date "2022.12.03"]
[Round "3.11"]
[White "Butolo, Alexandru-Mircea"]
[Black "Berescu, Alin-Mile"]
[Result "*"]
[WhiteElo "2043"]
[BlackElo "2429"]
[Annotator "TA"]
[PlyCount "34"]
[EventDate "2022.12.03"]
[EventType "rapid"]
[EventCountry "ROU"]
[SourceTitle "playchess.com"]
[Source "ChessBase"]
[SourceQuality "1"]

{[%evp 13,21,4,56,53,55,46,56,53,64,52]} 1. e4 c5 2. Nf3 Nc6 3. d4 cxd4 4. Nxd4 g6 5. Be3 Bg7 6. Nc3 Nf6 7. Nxc6 dxc6 (7... bxc6 $11 8. e5 Ng8) 8. Qxd8+ $14 {White is slightly better. B34: Sicilian: Accelerated Dragon with 5 Nc3: sidelines.} Kxd8 9. O-O-O+ Nd7 10. Bc4 Ke8 11. f4 {[#] White took control after the opening.   Weighted Error Value: White=0.00 (flawless) /Black=0.29 (precise)} {Predecessor:} Bxc3 $146 12. bxc3 Nb6 13. Bb3 Be6 14. Bd4 Rg8 15. Rhf1 Rc8 16. Bc5 Nd7 17. Ba3 b5 {0-1 (44) Butolo,A (2043)-Grecescu,G (2388) Sebes 2022} *

[Event "Romanian Team Rapid Open 2022"]
[Site "Sebes"]
[Date "2022.12.03"]
[Round "3.11"]
[White "Butolo, Alexandru-Mircea"]
[Black "Grecescu, Gabriel-Andrei"]
[Result "0-1"]
[WhiteElo "2043"]
[BlackElo "2388"]
[Annotator "TA"]
[PlyCount "88"]
[EventDate "2022.12.03"]
[EventType "rapid"]
[EventCountry "ROU"]
[SourceTitle "playchess.com"]
[Source "ChessBase"]
[SourceQuality "1"]

{[%evp 13,88,0,53,42,47,51,56,52,51,29,32,43,62,63,60,52,43,14,18,14,14,0,0,-39,10,14,12,9,23,14,8,16,114,107,103,103,102,77,67,41,35,35,32,31,37,27,29,25,43,50,63,46,86,3,7,0,0,0,0,0,0,0,0,0,0,0,0,0,0,0,0,0,8,0,0,-29998,-29999]} 1. e4 c5 2. Nf3 Nc6 3. d4 cxd4 4. Nxd4 g6 5. Be3 Bg7 6. Nc3 Nf6 {[%cal Bg8f6,Bf6d7,Bd7b6][%mdl 32]} 7. Nxc6 dxc6 ({Black should play} 7... bxc6 $11 8. e5 Ng8) 8. Qxd8+ $14 {B34: Sicilian: Accelerated Dragon with 5 Nc3: sidelines.} Kxd8 9. O-O-O+ Nd7 10. Bc4 {White is slightly better.} Ke8 11. f4 Bxc3 12. bxc3 Nb6 13. Bb3 Be6 {[#]} 14. Bd4 $146 ({Predecessor:} 14. Rd3 Rd8 15. Rhd1 Rxd3 16. Rxd3 Bxb3 17. cxb3 h5 18. a4 Nc8 19. e5 e6 20. a5 {1-0 (45) Tiitta,S (2174)-Peltomaki,J (2060) Finland 2011}) 14... Rg8 15. Rhf1 Rc8 16. Bc5 Nd7 17. Ba3 b5 18. g3 c5 (18... Bh3 $15 19. Rg1 Bg4) 19. f5 $1 $11 gxf5 20. exf5 Bxb3 21. axb3 Rg4 22. Rd5 e6 (22... f6 $11 {remains equal.}) 23. fxe6 $16 fxe6 24. Rh5 Rg7 25. Re1 e5 26. c4 bxc4 27. bxc4 Rc6 28. Bb2 Re6 29. Kd1 {[%cal Rb2e5]} (29. Bxe5 $2 {loses.} Rge7 30. Bc3 Rxe1+ $19) 29... Rge7 30. Bc3 e4 ({Don't take} 30... Nb6 31. Rexe5 (31. Rhxe5 Rxe5 32. Rxe5 Rxe5 $11) 31... Rxe5 32. Bxe5 $16) 31. Ke2 e3 32. Ra1 a6 33. Re1 (33. Ra3 $16) 33... Re4 $11 34. Rh4 Rxh4 35. gxh4 {[%mdl 4096] Endgame KRB-KRN} Re4 {[%csl LRc4,LRh4]} 36. Kd3 {[%csl LRe3,LRe4]} Rxh4 37. Rxe3+ Kd8 38. h3 Rh6 39. Ba5+ Kc8 40. Kc3 Kb7 41. Kb3 Kc6 42. Bd2 Rg6 43. Re7 Rg3+ 44. Ka4 $2 {[%mdl 8192] [#]} (44. c3 $11) 44... Nb6+ {Weighted Error Value: White=0.30/Black=0.12 (very precise)} 0-1

[Event "Romanian Team Rapid Open 2022"]
[Site "Sebes"]
[Date "2022.12.03"]
[Round "3.12"]
[White "Grecescu, Gabriel-Andrei"]
[Black "Prelipcean, Eric-Matei"]
[Result "*"]
[WhiteElo "2388"]
[BlackElo "1909"]
[Annotator "TA"]
[PlyCount "45"]
[EventDate "2022.12.03"]
[EventType "rapid"]
[EventCountry "ROU"]
[SourceTitle "playchess.com"]
[Source "ChessBase"]
[SourceQuality "1"]

{[%evp 16,32,5,0,6,0,0,-21,-25,-22,0,0,0,-6,0,0,22,-4,16]} 1. e4 c5 2. Nf3 d6 3. Bb5+ Bd7 4. Bxd7+ Nxd7 5. O-O Ngf6 6. Re1 e6 7. c3 Be7 8. d4 O-O 9. e5 Ne8 {9...Ne8 is better than 9...Nd5. B52: Sicilian: Moscow Variation with 3...Bd7.} 10. Qe2 Rc8 11. Nbd2 cxd4 12. cxd4 Nb6 {The position is equal.} 13. Ne4 h6 14. Bd2 dxe5 15. dxe5 Rc2 16. Rab1 Nc4 {[#] A balanced but interesting game.   Weighted Error Value: White=0.11 (very precise) /Black=0.06 (flawless)} {Predecessor:} 17. Rec1 $146 Rxc1+ 18. Rxc1 Nxd2 19. Qxd2 Nc7 20. Qxd8 Rxd8 21. Kf1 Nd5 22. g3 Kf8 23. Ke2 {½-½ (43) Cnejev,V (2268)-Prelipcean,E (1909) Sebes 2022} *

[Event "Romanian Team Rapid Open 2022"]
[Site "Sebes"]
[Date "2022.12.03"]
[Round "3.12"]
[White "Cnejev, Vladimir-Alexandru"]
[Black "Prelipcean, Eric-Matei"]
[Result "1/2-1/2"]
[WhiteElo "2293"]
[BlackElo "1909"]
[Annotator "TA"]
[PlyCount "85"]
[EventDate "2022.12.03"]
[EventType "rapid"]
[EventCountry "ROU"]
[SourceTitle "playchess.com"]
[Source "ChessBase"]
[SourceQuality "1"]

{[%evp 16,85,7,9,6,0,0,-26,-27,-26,0,0,0,0,-24,-21,40,0,4,-7,0,0,0,0,0,0,0,0,0,0,0,0,6,0,0,0,8,8,16,16,18,10,6,4,11,15,13,6,12,15,25,14,28,14,27,18,18,11,18,0,0,0,0,0,0,0,0,0,0,0,0,0]} 1. e4 c5 2. Nf3 d6 3. Bb5+ Bd7 4. Bxd7+ Nxd7 5. O-O Ngf6 6. Re1 e6 7. c3 Be7 8. d4 O-O 9. e5 Ne8 $1 {9...Ne8 is better than 9...Nd5. B52: Sicilian: Moscow Variation with 3...Bd7.} 10. Qe2 Rc8 11. Nbd2 cxd4 {Black has an edge.} 12. cxd4 Nb6 13. Ne4 {[#]} h6 $146 ({Predecessor:} 13... Nd5 14. a3 Rc6 15. g3 h6 16. h4 Qc7 17. Kg2 Rc2 18. Qd1 Rc4 19. Qd3 Qc6 {1-0 (61) Kosakowski,J (2437)-Jumabayev,R (2631) Warsaw 2021}) 14. Bd2 dxe5 15. dxe5 Rc2 (15... Nc7 $1 $11) 16. Rab1 Nc4 17. Rec1 (17. Qd1 {simplifies} Nxd2 18. Nfxd2 Rc8 19. Qa4) 17... Rxc1+ (17... Nxd2 {simplifies} 18. Nfxd2 Rxc1+ 19. Rxc1 Qa5) 18. Rxc1 Nxd2 19. Qxd2 Nc7 20. Qxd8 Rxd8 21. Kf1 (21. Rxc7 $2 {leads to mate.} Rd1+) 21... Nd5 22. g3 Kf8 23. Ke2 Ke8 24. h3 Kd7 25. Nc5+ Bxc5 26. Rxc5 Rc8 27. Rxc8 Kxc8 $11 {[%mdl 4096] Endgame KN-KN} 28. Nd4 a6 {Inhibits Nb5.} 29. a3 Kd7 30. Kd3 Ne7 31. Ke4 Nc6 32. Nb3 b6 33. Nd2 Na5 34. b4 Nb7 35. Nb3 Nd8 {The position is equal.} 36. Nd4 Nc6 37. Nxc6 Kxc6 {KP-KP} 38. a4 a5 39. bxa5 bxa5 {[#] And now ...Kc5 would win.} 40. Kd4 Kb6 41. Kc4 Kc6 42. Kd4 Kb6 43. Kc4 {An even fight not without its subleties.   Weighted Error Value: White=0.06 (flawless) /Black=0.07 (flawless)} 1/2-1/2

[Event "Romanian Team Rapid Open 2022"]
[Site "Sebes"]
[Date "2022.12.03"]
[Round "3.13"]
[White "Szabo, Gergely-Andras-Gyula"]
[Black "Soltanici, Ruslan"]
[Result "1/2-1/2"]
[WhiteElo "2514"]
[BlackElo "2357"]
[Annotator "TA"]
[PlyCount "56"]
[EventDate "2022.12.03"]
[EventType "rapid"]
[EventCountry "ROU"]
[SourceTitle "playchess.com"]
[Source "ChessBase"]
[SourceQuality "1"]

{[%evp 13,56,27,52,47,50,25,22,25,34,22,27,25,27,27,43,48,60,53,62,57,68,66,67,52,90,10,12,0,0,0,56,55,52,-50,62,-123,-110,-171,-175,-183,0,-203,0,-195,0]} 1. e4 c5 2. c3 e6 3. d4 d5 4. exd5 exd5 5. Be3 c4 6. b3 cxb3 7. axb3 Nc6 8. Bd3 {B22: Sicilian: 2 c3.} g6 {[#]} 9. Qf3 $146 ({Predecessor:} 9. Ne2 Bg7 10. O-O Nge7 11. Ng3 h5 12. Re1 O-O 13. h4 Be6 14. Bg5 Qd7 15. b4 a6 {1-0 (34) Abbink,M-Pliester,L (2395) Netherlands 1994}) 9... Bg7 10. Ne2 {The position is equal.} Nf6 11. h3 (11. Bg5 {seems wilder.} O-O 12. Qf4 Re8 13. O-O) 11... O-O 12. Nd2 Re8 13. O-O Ne7 14. Ng3 Be6 15. Bg5 Nd7 16. Rfe1 {White has more active pieces.} Qb6 17. Rac1 (17. Qf4 {with more complications.} Rac8 18. Rac1 Qc7 19. Qh4) 17... f6 18. Be3 Bf7 19. c4 (19. h4 $16) 19... f5 20. c5 Qb4 21. Qf4 Nc6 (21... Nf8 $11 22. Nf3 Nc6) 22. Nf3 $1 $14 {[%cal Od3f5]} ({Not} 22. Ne2 Rxe3 $1 23. Qxe3 Nxd4 24. Nxd4 Bxd4 $17) 22... Nf8 {Threatens to win with ...Ne6.} 23. Qh4 (23. Ne2 $1 $14) 23... Ne6 ({But not} 23... Qxb3 24. Red1 $11) ({Black should play} 23... f4 $1 $15 24. Qxf4 (24. Bxf4 $2 {loses.} Nxd4 25. Ne2 Nxf3+ 26. gxf3 Nd7 $19) 24... Ne6) 24. Bd2 $2 (24. Ne2 $1 $14) 24... Qxb3 $17 25. Rc3 (25. Rxe6 $17 {was called for.} Bxe6 26. Bc3) 25... Qa2 $36 {[%cal Re6d4][%mdl 2048] Black has strong initiative.} 26. Rc2 Qb3 27. Rc3 Qa2 {[%cal Re6d4]} 28. Rc2 {[#]} Qb3 $2 {Weighted Error Value: White=0.27 (precise) /Black=0.37} (28... Qa3 $1 $19 {[%cal Ra3d3]} 29. Rc3 Qa2) 1/2-1/2